Statistics for Landlocked Countries by Satellite Image

Click here to take the quiz!

General Stats

  • This quiz has been taken 44 times
  • The average score is 9 of 12

Answer Stats

Answer% Correct
Nepal
95%
Switzerland
95%
Bolivia
90%
Bhutan
85%
Paraguay
79%
Serbia
72%
Burkina Faso
67%
Laos
67%
Rwanda
64%
Slovakia
62%
Armenia
56%
Belarus
51%

Score Distribution

Percentile by Number Answered

Percent of People with Each Score

Your Score History

You have not taken this quiz